Statistics for Biggest Cities in Landlocked Countries

Click here to take the quiz!

General Stats

  • This quiz has been taken 196 times
  • The average score is 15 of 20

Answer Stats

PopulationCity% Correct
2.25 milVienna
94%
2.12 milLa Paz
91%
1.44 milPrague
88%
2.62 milBudapest
86%
4.32 milKabul
86%
2.35 milAsuncion
84%
3.12 milKathmandu
82%
3.22 milTashkent
82%
2.00 milMinsk
81%
3.80 milAddis Ababa
80%
2.10 milAlmaty
80%
3.52 milBamako
77%
3.52 milKampala
76%
2.05 milHarare
72%
2.67 milLusaka
72%
2.57 milBaku
66%
1.90 milBishkek
65%
2.62 milOuagadougou
62%
2.15 milSanta Cruz
57%
1.50 milYerevan
55%

Score Distribution

Percentile by Number Answered

Percent of People with Each Score

Your Score History

You have not taken this quiz